000 00481 a2200169 4500
005 20250527061508.0
020 _a978-0-07-352993-6
082 _a658.8 KER
100 _aKERIN, R. A.
245 _aMarketing
250 _a10th Ed.
260 _aNew York,
_bMcgraw- Hill Irwin,
_c2011.
300 _aliii, 746p.: Ill.; figures & pictures
_bIndex
_c26cm.
700 _aHARTLEY, S. W. & RUDELIUS, W.
856 _yAccess Online Book
_fMarketing
_dwww.mhhe.com
942 _2ddc
_cBKS
999 _c2689
_d2689